000 00508nam a2200181Ia 4500
003 GCL
008 140319s9999 xx 000 0 eng d
040 _aGCL /
_cGCL
082 0 4 _a909
_bG C
100 1 _aGREAVES, RICHARD L
245 1 0 _aCIVILIZATIONS OF THE WORLD: THE HUMAN ADVENTURE /
_cGREAVES, RICHARD L
700 1 _aZALLER, ROBERT
260 _a[S.N] :
_bHARPER COLLINS COLLEGE PUBLISBERS ،
_c1993
300 _a1175 P
650 0 4 _aCIVILIZATION HISTORY
650 0 4 _aHISTORY
942 _2ddc
_cBK
999 _c13213
_d13213